Statistics for Five Wettest Countries by Continent

Click here to take the quiz!

General Stats

  • This quiz has been taken 649 times
    (647 since last reset)
  • The average score is 17 of 30

Answer Stats

ContinentPrecipitationCountry% Correct
Europe122 cmUnited Kingdom
90%
Asia270 cmIndonesia
81%
South America324 cmColombia
81%
South America204 cmVenezuela
77%
South America233 cmSuriname
75%
South America238 cmGuyana
75%
North America292 cmPanama
75%
South America227 cmEcuador
73%
Asia287 cmMalaysia
73%
Oceania314 cmPapua New Guinea
72%
Oceania259 cmFiji
71%
Europe141 cmNorway
70%
North America292 cmCosta Rica
70%
Oceania173 cmNew Zealand
68%
North America228 cmNicaragua
67%
Asia249 cmSingapore
62%
Europe194 cmIceland
61%
Oceania158 cmSamoa
60%
Oceania302 cmSolomon Islands
57%
Asia272 cmBrunei
51%
Asia266 cmBangladesh
45%
Africa324 cmSão Tomé & Príncipe
38%
North America235 cmGrenada
34%
Africa215 cmEquatorial Guinea
34%
Africa233 cmSeychelles
34%
North America230 cmSaint Lucia
34%
Africa239 cmLiberia
31%
Europe153 cmSwitzerland
31%
Africa252 cmSierra Leone
30%
Europe148 cmAlbania
9%

Score Distribution

Percentile by Number Answered

Percent of People with Each Score

Your Score History

You have not taken this quiz since the last reset